|
|
|
|
| LEADER |
00740nam a2200217 a 4500 |
| 001 |
c000070100 |
| 003 |
CARM |
| 005 |
00000000000000.0 |
| 008 |
860721s1946 wea 00011 eng d |
| 019 |
1 |
|
|a 4655518
|5 LACONCORD2021
|
| 035 |
|
|
|a (OCoLC)219956909
|5 LACONCORD2021
|
| 040 |
|
|
|a ANL
|c ANL
|
| 042 |
|
|
|a anuc
|
| 082 |
1 |
|
|a A823.2
|2 19
|
| 100 |
1 |
|
|a Weaver, Rix,
|d 1902-
|
| 245 |
1 |
0 |
|a All these years /
|c by Rix Weaver.
|
| 260 |
|
|
|a Perth, W.A. :
|b Patersons Press,
|c [1946]
|
| 300 |
|
|
|a 274 p. ;
|c 18 cm.
|
| 852 |
8 |
|
|b CARM
|h A2:AJ32G0
|i A02481
|p 0143189
|f BK
|
| 999 |
f |
f |
|i 19e433db-7a3a-5654-8a14-57aee19eee18
|s 82048caf-4f08-56c7-9c3d-8ed5f6a0899d
|
| 952 |
f |
f |
|p Can circulate
|a CAVAL
|b CAVAL
|c CAVAL
|d CARM 1 Store
|e A02481
|f A2:AJ32G0
|h Other scheme
|i book
|m 0143189
|